书目信息 |
| 题名: |
魔幻艺术
|
|
| 作者: | 解弗里斯 著 ;盛海艳 译 | |
| 分册: | ||
| 出版信息: | 北京 人民邮电出版社 2009.02 |
|
| 页数: | 57页 | |
| 开本: | 28cm | |
| 丛书名: | 欧美动漫技法经典教程 | |
| 单 册: | ||
| 中图分类: | J218.7 | |
| 科图分类: | ||
| 主题词: | 动画--技法(美术)--教材 | |
| 电子资源: | ||
| ISBN: | 978-7-115-19456-5 | |
| 000 | 01072nam 2200265 450 | |
| 005 | 20100608095315.84 | |
| 010 | @a978-7-115-19456-5@dCNY18.00 | |
| 100 | @a20100515d2009 em y0chiy0110 ea | |
| 101 | 0 | @achi@ceng |
| 102 | @aCN@b110000 | |
| 105 | @aa z 000yy | |
| 200 | 1 | @a魔幻艺术@Amo huan yi shu@f(英) Mike Jefferies著@F(ying)Mike Jefferies zhu@g盛海艳译 |
| 210 | @a北京@c人民邮电出版社@d2009.02 | |
| 215 | @a57页@c图@d28cm | |
| 225 | 2 | @a欧美动漫技法经典教程 |
| 306 | @a《欧美动漫技法经典教程——魔幻艺术》由HarperCollins出版公司授权人民邮电出版社翻译出版。 | |
| 314 | @a责任者的汉译姓:取自版权页 | |
| 330 | @a本书是一本魔幻艺术绘制技法的指导教程。书中内容浅显易懂,将魔幻艺术绘画中的魔幻人物、人物姿势、比例和形状、服装和道具、运动、结构草图和场景等技法贯穿于实例,并且对绘制步骤进行了详细讲解。 | |
| 410 | 0 | @12001 @a欧美动漫技法经典教程 |
| 606 | 0 | @a动画@x技法(美术)@j教材 |
| 690 | @aJ218.7@v4 | |
| 701 | 1 | @a解弗里斯@Ajie fu li si@g(Jefferies, Mike)@4著 |
| 702 | 0 | @a盛海艳@Asheng hai yan@4译 |
| 801 | 0 | @aCN@c20100515 |
| 905 | @dJ218.7@eX718@f3 | |
| 魔幻艺术/(英) Mike Jefferies著/盛海艳译.-北京:人民邮电出版社,2009.02 |
| 57页:图;28cm.-(欧美动漫技法经典教程) |
| ISBN 978-7-115-19456-5:CNY18.00 |
| 本书是一本魔幻艺术绘制技法的指导教程。书中内容浅显易懂,将魔幻艺术绘画中的魔幻人物、人物姿势、比例和形状、服装和道具、运动、结构草图和场景等技法贯穿于实例,并且对绘制步骤进行了详细讲解。 |
| ● |
| 相关链接 |
|
|
|
正题名:魔幻艺术
索取号:J218.7/X718
 
预约/预借
| 序号 | 登录号 | 条形码 | 馆藏地/架位号 | 状态 | 备注 |